| 000 | 00438nam a22001337a 4500 | ||
|---|---|---|---|
| 008 | 150114b xxu||||| |||| 00| 0 eng d | ||
| 050 | _aQC174.3.C45 | ||
| 100 |
_aChew, Geoffrey F. _913927 |
||
| 245 |
_aS-Matrix Theory of Strong Interactions _ba lecture note and reprint _cGeoffrey F. Chew |
||
| 260 |
_aNew York _bW.A. Benjamin, Inc. _c1961 |
||
| 300 |
_ax, 182p. ; _c23cm. |
||
| 650 |
_aMatrix mechanics _913928 |
||
| 942 |
_2lcc _cMONOGRAPH |
||
| 999 |
_c121657 _d121657 |
||